000 00823cam a2200265 4500
001 24934
003 BD-RjUL
005 20211209050816.0
008 140315t19671965enk b 001 0 eng
035 _a(BD-RjUL)25003
040 _aDLC
_cDLC
_dDLC
_beng
041 _aeng
082 0 0 _a940.21
_bMAR 1967
100 1 _aMazzeo, Joseph Anthony,
_d1923-
_955008
245 1 0 _aRenaissance and revolution :
_bthe remaking of European thought /
_cJoseph Anthony Mazzeo
260 _aLondon :
_bSecker & Warburg,
_cc1965 [reprinting 1967]
300 _axiii, 349 p. ;
_c23 cm.
350 _a45/-
504 _aIncludes index
650 0 _aRenaissance.
_976720
650 0 _aEnglish literature
_yEarly modern, 1500-1700
_xHistory and criticism.
_953256
942 _2ddc
_cBK
999 _c24934
_d24934